| 000 | 01128nam a22003615b 4500 | ||
|---|---|---|---|
| 001 | 446 | ||
| 003 | DO-SdBPM | ||
| 005 | 20251120093528.0 | ||
| 007 | ta | ||
| 008 | 950710s1992 sp a | | ||spa | ||
| 017 |
_a _b |
||
| 020 | _a8434211270 | ||
| 040 |
_aDO-SdBPM _bspa _cBPMSU _erda |
||
| 082 | 4 |
_a808.068 _bS194m 1992 _222 |
|
| 100 | 1 |
_a Sánchez, Isidro _eautor _4aut. _d |
|
| 245 | 1 | 0 |
_aMi gato / _c Isidro Sánchez ; ilustraciones María Rius _h |
| 250 | _a | ||
| 264 |
_aBarcelona, España : _bParramón Ediciones , _c1992 |
||
| 300 |
_a29 páginas _bilustraciones ; _c20 cm |
||
| 336 |
_atexto _btxt _2rdacontent |
||
| 337 |
_asin mediación _bn _2rdamedia |
||
| 338 |
_avolumen _bnc _2rdacarrier |
||
| 490 | 0 |
_aPrimera Biblioteca de los Niños. _a _v |
|
| 590 | _aInventariado, 2025/VM | ||
| 600 | _2 | ||
| 650 | 7 |
_aLibros y lectura para niños _v |
|
| 650 | 7 |
_alibros ilustrados para niños _v |
|
| 650 | 7 |
_aCuentos infantiles _v |
|
| 650 | 7 |
_aNo-violencia _xEnseñanza. _v |
|
| 700 | 1 |
_aRius, María _eilustradora |
|
| 910 | _aVMateo V. Control de calidad. BPMSU | ||
| 942 |
_2ddc _cBK |
||
| 999 |
_c15522 _d15522 |
||